| 000 | 01114nam a22002417a 4500 | ||
|---|---|---|---|
| 005 | 20100803151349.0 | ||
| 010 | _aHIN-89974 | ||
| 020 |
_c250.00 _a8181291840 |
||
| 020 |
_c250.00 _a9788181291844 |
||
| 035 | _aHN-62320 | ||
| 037 | _bDBAD / PUB | ||
| 082 | _aउ | ||
| 100 |
_aशर्मा, स्वर्णलता _95320 |
||
| 245 |
_aवेदना के वे सोपान / _cस्वर्णलता शर्मा |
||
| 246 |
_aVedna Ke Ve Sopan _bby Swarnlata Sharma |
||
| 260 |
_aनई दिल्ली _bनमन प्रकाशन _c2009 |
||
| 270 |
_a4231/1, अंसारी रोड़, दरियागंज _bनई दिल्ली _e110002 _k011-23247003, 23254306 |
||
| 300 |
_a170पृ. _c22सेमी (सजिल्द) |
||
| 650 |
_bहिन्दी कथा साहित्य _9657 |
||
| 650 |
_bHindi Katha Sahitya _9658 |
||
| 942 |
_2ddc _cHN _hउ _mशर्मास्व |
||
| 999 |
_c39005 _d39005 |
||